Statistics for Biggest Trading Partners - Mexico

Click here to take the quiz!

General Stats

  • This quiz has been taken 121 times
  • The average score is 29 of 32

Answer Stats

Exports Country % Correct
$291 BUnited States
100%
$22.6 BCanada
98%
$6.83 BChina
98%
$4.45 BJapan
98%
$4.41 BBrazil
97%
$2.48 BUnited Kingdom
96%
$3.83 BColombia
95%
$3.7 BSpain
95%
$4.74 BGermany
94%
$4.67 BItaly
94%
$2.6 BFrance
93%
$3.29 BSouth Korea
89%
$2.13 BChile
89%
$2.27 BIndia
87%
$1.88 BPeru
85%
$3.05 BNetherlands
83%
$2.01 BGuatemala
82%
$3.17 BBelgium
79%
$4.51 BThailand
59%
$6.7 BMalaysia
52%
$3.44 BVietnam
52%

Score Distribution

Percentile by Number Answered

Percent of People with Each Score

Your Score History

You have not taken this quiz